00524naa#a2200169#i#4500001001600000005001700016011001400033100004100047102000700088200008300095210005200178215001000230608002700240675004000267700002600307856002100333EN\\bibl\12094020260602094859.2##a1998-6785##a20220621b2022####ek#y0engy0150####ca##aRU1#aInternational Scientific Forum "Nansen Readings". 2007–2022eJournal article1#aVladivostokcVladivostok State Universityd2022##a1 с.##aJournal article2local##aВсеобщая история. 94#1aKanevskayagGalina I.4#avvgu.editorum.ru